The art of creative thinking : (Record no. 10270)
[ view plain ]
| 000 -LEADER | |
|---|---|
| fixed length control field | 01808cam a2200277 i 4500 |
| 001 - CONTROL NUMBER | |
| control field | 912007684 |
| 003 - CONTROL NUMBER IDENTIFIER | |
| control field | OCoLC |
| 005 - DATE AND TIME OF LATEST TRANSACTION | |
| control field | 20241126110728.0 |
| 008 - FIXED-LENGTH DATA ELEMENTS--GENERAL INFORMATION | |
| fixed length control field | 150817s2016 nyu 000 0 eng |
| 010 ## - | |
| -- | 2015031773 |
| 020 ## - INTERNATIONAL STANDARD BOOK NUMBER | |
| International Standard Book Number | 9780399176838 (paperback) |
| 020 ## - INTERNATIONAL STANDARD BOOK NUMBER | |
| International Standard Book Number | 0399176837 (paperback) |
| 020 ## - INTERNATIONAL STANDARD BOOK NUMBER | |
| International Standard Book Number | 9781444794489 |
| 035 ## - SYSTEM CONTROL NUMBER | |
| System control number | (OCoLC)912007684 |
| 040 ## - CATALOGING SOURCE | |
| Original cataloging agency | DLC |
| Language of cataloging | eng |
| Description conventions | rda |
| Transcribing agency | DLC |
| Modifying agency | YDX |
| -- | YDXCP |
| -- | BTCTA |
| -- | BDX |
| -- | OCLCF |
| -- | NYP |
| 042 ## - | |
| -- | pcc |
| 082 ## - DEWEY DECIMAL CLASSIFICATION NUMBER | |
| Classification number | 153.35 |
| Item number | JUD |
| 092 ## - LOCALLY ASSIGNED DEWEY CALL NUMBER (OCLC) | |
| Classification number | 153.35 |
| Item number | J92A |
| 100 1# - MAIN ENTRY--PERSONAL NAME | |
| Personal name | Judkins, Rod |
| 9 (RLIN) | 17852 |
| 245 14 - TITLE STATEMENT | |
| Title | The art of creative thinking : |
| Remainder of title | 89 ways to see things differently / |
| Statement of responsibility, etc. | Rod Judkins |
| 264 #1 - PRODUCTION, PUBLICATION, DISTRIBUTION, MANUFACTURE, AND COPYRIGHT NOTICE | |
| Place of production, publication, distribution, manufacture | Great Britain : |
| Name of producer, publisher, distributor, manufacturer | Sceptre, |
| Date of production, publication, distribution, manufacture, or copyright notice | c2015 |
| 300 ## - PHYSICAL DESCRIPTION | |
| Extent | 281 pages ; |
| Dimensions | 19 cm |
| 520 ## - SUMMARY, ETC. | |
| Summary, etc. | "An inspiration-sparking look at creativity, featuring brief examples of artists, writers, and innovators who have broken the mold. In succinct and engaging entries, Rod Judkins, a lecturer at the world-famous Central Saint Martin's College of Art, collects inspiring examples of creative thinkers throughout history, showing how we can all learn from them to improve our lives and our work. The Art of Creative Thinking presents an extraordinary array of examples, from the Dada Manifesto and Andy Warhol's Factory to the films of Ed Wood and the catwalks of Alexander McQueen, along with many others. Readers will learn about the most successful class in educational history (in which every student won a Nobel Prize), how frozen peas were invented, and why 95 percent of Apocalypse Now ended up on the cutting-room floor. Takeaways include: - Be stubborn about compromise. - Plan to have more accidents. - Be mature enough to be childish. - Contradict yourself more often"-- |
| Assigning source | Provided by publisher |
| 650 #0 - SUBJECT ADDED ENTRY--TOPICAL TERM | |
| Topical term or geographic name entry element | Creative thinking |
| Form subdivision | Miscellanea |
| 9 (RLIN) | 17853 |
| 942 ## - ADDED ENTRY ELEMENTS (KOHA) | |
| Source of classification or shelving scheme | Dewey Decimal Classification |
| Koha item type | Books |
| Withdrawn status | Lost status | Source of classification or shelving scheme | Damaged status | Not for loan | Home library | Current Library | Shelving location | Date acquired | Total checkouts | Full call number | Barcode | Date last seen | Copy number | Price effective from | Koha item type |
|---|---|---|---|---|---|---|---|---|---|---|---|---|---|---|---|
| Dewey Decimal Classification | GRACE BIBLE COLLEGE | GRACE BIBLE COLLEGE | Philosophy and Religion | 2024-05-10 | 153.35 JUD | 020708 | 2025-05-01 | c.1 | 2024-05-10 | Books |